Tratado compendioso de arqueología y bellas artes
Gespeichert in:
| 1. Verfasser: | |
|---|---|
| Weitere Verfasser: | |
| Format: | keine Angabe |
| Sprache: | Spanisch |
| Erschienen: |
Madrid
Ruiz Hermanos
1920, 1922
|
| Katalog: | MANES: Suchergebnis im Bibliothekskatalog |
| Schulbuchspezifische Eigenschaften: |
|
| Tags: |
Tag hinzufügen
Keine Tags, Fügen Sie den ersten Tag hinzu!
|
| Hinzugefügt zu: | 26.04.2016 |
| Geändert in: | 15.12.2025 |
MARC
| LEADER | 000000000a22000000004500 | ||
|---|---|---|---|
| 001 | 35351 | ||
| 003 | OSt | ||
| 005 | 20251215160140.0 | ||
| 008 | 160427s sp ||||| |||| 00| 0 spa d | ||
| 040 | |a manes |c manes | ||
| 041 | |a Español | ||
| 100 | 1 | |a Conde de Cedillo, pr. |9 20992 | |
| 700 | 1 | |a Naval y Ayerve, Francisco |9 20991 | |
| 245 | 0 | 0 | |a Tratado compendioso de arqueología y bellas artes |
| 260 | 3 | |a Madrid |b Ruiz Hermanos |c 1920, 1922 | |
| 300 | |a T. I.: XI, 586 p.T. II.: VII, 591 p. |c 20 cm | ||
| 330 | |a 2 v. | ||
| 500 | |a Signatura: JE18/99. Enc. tela. Sólo el t.I. El CCPB000453577 probablemente describa la misma ed. de esta obra. | ||
| 690 | 0 | |a EA | |
| 691 | 0 | |a SE | |
| 942 | |2 ddc |c BK | ||
| 546 | |a España | ||
| 999 | |c 42349 |d 42349 | ||
| 999 | |c manes:42349 |d 42349 | ||